|
|
|
|
| LEADER |
01929nam a2200361 a 4500 |
| 001 |
000475434 |
| 003 |
CZ BrMZK |
| 005 |
20100121133726.0 |
| 007 |
ta |
| 008 |
981027s1956 xr a f cze d |
| 015 |
|
|
|a cnb000721198
|
| 035 |
|
|
|a (OCoLC)85451052
|
| 040 |
|
|
|a BOA001
|b cze
|
| 100 |
1 |
|
|a Vojtěch, Jaroslav,
|d 1922-2003
|7 jk01150368
|4 aut
|
| 245 |
1 |
0 |
|a V průvanu :
|b satiry a epigramy z let 1947-1955 /
|c Jaroslav Vojtěch ; ilustroval Antonín Pelc
|
| 250 |
|
|
|a 1. vyd.
|
| 260 |
|
|
|a Praha :
|b Mladá fronta,
|c 1956
|
| 300 |
|
|
|a 120, [6] s. :
|b il. ;
|c 8°
|
| 490 |
1 |
|
|a Úsměvy ;
|v sv. 20
|
| 500 |
|
|
|a Přehled autorových prací
|
| 500 |
|
|
|a 3300 výt.
|
| 520 |
2 |
|
|a "Na očích cíl - stůj bděle na stráži - / na mušce škodnou, jež zítřkům překáží, / dál mnohým tupcům nedej spát! / Jen hřímej, bodej, per se ze všech sil, / před klením, před hrozbou své pero neodchyl! / Za čistým štítemnemusíš se bát." - Tak hovoří autor o úkolech satirikových v úvodní básni své sbírky, v níž, jak napovídá název knížky, "Chce provětrat všechny kouty našeho i zahraničního života politického, společenského a kulturního". (V.Lacina) Jednotlivá čísla sbírky vznikala v rozmezí let 1947-1955 a mnohá z nich byla již otištěna na stránkách Literárních novin.
|
| 830 |
|
0 |
|a Úsměvy (Mladá fronta)
|0 s
|
| 910 |
|
|
|a BOA001
|b 1-0356.002
|b PK-A-0004.707
|
| 920 |
|
|
|a 000183537
|
| 964 |
|
|
|a Literatura - satiry
|
| 964 |
|
|
|a Politika západních velmocí - satiry
|
| 964 |
|
|
|a Satiry veršované
|
| 964 |
|
|
|a Epigramy
|
| 990 |
|
|
|a BK
|
| 996 |
7 |
|
|b 2619414624
|c 1-0356.002
|l MZK
|r Sklad / do 1 hodiny
|n 0
|w 000475434
|u 000030
|a 1
|e BOA001
|j MZK50
|s A
|
| 996 |
6 |
|
|b 2619752408
|c 1-0356.002
|l MZK
|r Sklad / do 1 hodiny
|n 2
|w 000475434
|u 000010
|a 1
|e BOA001
|j MZK50
|s P
|
| 996 |
7 |
|
|b 3119947366
|c PK-A-0004.707
|l MZK
|r Sklad / do 1 hodiny
|n 0
|w 000475434
|u 000020
|a 1
|e BOA001
|j MZK50
|s A
|